00449nam a2200121Ia 45000010005000000080041000050820023000461000055000692450140001242600021002649010027002859990015003123275241024s9999 xx 000 0 und d aRD/618.08352/D468p aRepública Dominicana.Despacho de la Primera Dama 0aPrevención del embarazo en adolecentes. Con perpectiva de género y enfoque de de Derechos Humanos : Hacía una pólitica nacional bEd. Ortegac2012 a10/9/2013 9:16:44 a.m. c8055d8055